Investície do ľudského kapitálu ako predpoklad rozvoja podniku bakalárska práca

Salvato in:
Dettagli Bibliografici
Autore principale: Vráblová, Michaela
Ente Autore: Fakulta podnikového manažmentu EU. Katedra podnikovohospodárska
Altri autori: Foltínová, Ľubica, 1975-
Natura: Libro
Lingua:slovacco
Pubblicazione: Bratislava 2020
Tags: Aggiungi Tag
Nessun Tag, puoi essere il primo ad aggiungerne!!

MARC

LEADER 00000nbm a2200000 4500
001 0266021
005 20201126130627.0
041 0 |a slo 
044 |a SK 
245 1 0 |a Investície do ľudského kapitálu ako predpoklad rozvoja podniku  |b bakalárska práca  |c Michaela Vráblová ; školiteľ: Ľubica Foltínová 
264 1 |a Bratislava  |c 2020 
300 |a 52 s. 
100 1 |a Vráblová, Michaela 
700 1 |a Foltínová, Ľubica, 1975- 
710 2 |a Fakulta podnikového manažmentu EU. Katedra podnikovohospodárska